00413nam a2200145Ia 4500003000500000005001700005008004100022020002900063040000900092082001500101100001700116245005200133260004600185300003600231322820230821154720.0211105s9999 xx 000 0 und d a9781407106144qPaperback c3228 aJ 520 ARNO aArnold, Nick 0aHorrible science: Space, stars and slimy aliens aLondon:bScholastic Children Books,c2008 a159 PagesbIllustrationsc20 cm